Statistics for Biggest Trading Partners - Micronesia

Click here to take the quiz!

General Stats

  • This quiz has been taken 71 times
  • The average score is 25 of 30

Answer Stats

Imports Answer % Correct
7.8 mAustralia
100%
3.6 mNew Zealand
97%
6.9 mChina
97%
17.8 mChina
97%
583 kUnited States of America
97%
42.9 mUnited States of America
97%
6.1 mJapan
96%
12.2 mJapan
96%
692 kIndonesia
94%
9.8 mIndonesia
94%
1.0 mFrance
93%
410 kMalaysia
90%
89 kUnited Kingdom
88%
903 kSouth Korea
87%
52.9 mSouth Korea
87%
57 kGermany
83%
68 kFiji
81%
320 kFiji
81%
674 kSpain
80%
24.1 mTaiwan
78%
79 kTaiwan
78%
35.6 mThailand
78%
2.7 mThailand
78%
3.6 mSingapore
77%
6.5 mPhilippines
75%
46 kPalau
71%
543 kPhilippines
70%
423 kMexico
68%
26 kNetherlands
59%
118 kSaudi Arabia
43%

Score Distribution

Percentile by Number Answered

Percent of People with Each Score

Your Score History

You have not taken this quiz